LEADER 01255nem0 2200349 450 001 9910271159203321 005 20180627102725.0 100 $a20170331d1948----km y0itay50 ba 101 0 $aeng 102 $aUS 120 $ab aa 121 $aa aa 123 1 $aa$b1:6000000$de1120000$ee1560000$fs0080000$gs0440000 200 $aAustralia$bDocumento cartografico$fcompiled and drawn in the cartographic section of the National Geographic society for the National Geographic Magazine$gGilbert Grosvenor$gJames M. Darley, chief cartographer 206 $a1:6000000 (E112°-E156°/S8°-S44°) 210 $aWashington$cNational Geographic Society$d1948 215 $a1 carta$ccolor., ripieg.$d96 x 78 cm 300 $aAi margini 3 piccole mappe: Melbourne 1:1500000 ; Sydney 1:500000 ; Tasmania 540 1 $aMelbourne 540 1 $aSydney 540 1 $aTasmania 610 0 $aAustralia$aCarte 702 1$aDarley,$bJames Morrison 702 1$aGrosvenor,$bGilbert 712 02$aNational Geographic Society 801 0$aIT$bUNINA$gRICA$2UNIMARC 901 $aMP 912 $a9910271159203321 952 $aCons.3 Atl.1 Carte sciolte 049(18)$bIst. 1689$fILFGE 959 $aILFGE 996 $aAustralia$9210117 997 $aUNINA